000 00527nam a2200217Ia 4500
008 190123s9999 xx 000 0 und d
020 _a9780545211451
050 _bG624 2008
100 _aGoldstone, Bruce
245 0 _aGreater estimations /
245 0 _cby Bruce Goldstone.
260 _aNew York, New York :
260 _bScholastic,
260 _c2008
300 _a31 pages :
300 _bcolored illustrations ;
300 _c27cm.
500 _a710L
650 _aEstimation theory.
700 _aTitle.
999 _c361124
_d361124